|
|
|
|
| LEADER |
00000nsb a2200000 a 4500 |
| 005 |
20230308204606.0 |
| 008 |
011112| ||||||||r|||||||||||spa|| |
| 022 |
|
|
|a 1315-7272
|
| 040 |
|
|
|b spa
|
| 041 |
1 |
|
|a spa
|
| 082 |
0 |
|
|a 617.605
|
| 245 |
|
|
|a Reabsorción extrarradicular invasora de rápído progreso
|c Mock, Erich S., Gerald K. Wolff y David A. Galvan
|h imp
|n 4 - Número 3 - 1998
|
| 264 |
|
|
|a Caracas
|b Actualidades Médico Odontológicas Latinoamérica
|c 1998
|
| 300 |
|
|
|a pp 50-52
|b ilu
|
| 300 |
|
|
|c 30 cm
|
| 310 |
|
|
|a Trimestral
|
| 504 |
|
|
|a incl. ref.
|
| 520 |
3 |
|
|a Esta reabsorción externa se origina en el cemento adyacente al ligamento periodontal. Se cree que la lesión es la respuesta al daño o irritación del ligamento periodontal o a la presión por una erupción ectópica, presión ortodóntica, blanqueamiento intracoronal, tratamiento periodontal o una desconocida causa idiopática
|
| 650 |
|
|
|a Endondocia
|9 282522
|
| 650 |
|
|
|a Reabsorción externa
|9 282523
|
| 650 |
|
|
|a Reabsorción extrarradicular invasora
|9 282524
|
| 650 |
|
|
|a Ligamento periodontal
|9 88798
|
| 650 |
|
|
|a Erupción ectópica
|9 280956
|
| 700 |
|
|
|a Mock, Erich S
|9 282525
|
| 700 |
|
|
|a Wolff, Gerald K
|9 282526
|
| 700 |
|
|
|a Galvan, David A
|9 282527
|
| 773 |
0 |
|
|0 29000
|9 29000
|a Mock, Erich S
|d Caracas Actualidades Médico Odontológicas Latinoamérica 1998
|o 29000
|w 29000
|x 1315-7272
|t Journal of Endodontics Practice Edición en Español
|6 29000
|
| 852 |
|
|
|a UC-SALUD
|c ESTANTERIA ABIERTA
|f Compra
|k luis.contrerase
|l 1
|m General
|p 20111122
|r 1
|b 0
|d CDRS
|e CDRS
|g 617.605 ESTANTERIA ABIERTA
|z 2011-11-12
|
| 942 |
|
|
|c SERA
|
| 999 |
|
|
|c 108858
|d 108858
|